000 00894nam a22002417a 4500
999 _c12666
_d12666
003 AR-CdUCM
008 190409b ||||| |||| 00| 0 spa d
040 _aMUNICIPALIDAD PROVINCIAL DEL CUSCO
_cBIBLIOTECA MUNICIPAL DEL CUSCO
082 _a082 /
_bF61
100 _aFlaubert, Gustave
_913727
245 _aObras Inmortales :
_bMadame Bovary /
260 _aMadrid :
_bE.D.A.F.
_c[1962]
300 _a1415 paginas ;
_c17 cm.
_bIlustraciones,
440 _aColección Obras Inmortales
_930580
505 _aContenido : Retrato biográfico -- La educación sentimental -- Madme Bovary -- Salambó -- Las tentaciones de San Antonio...
650 _aCuentos
_9312
650 _aBiografías
_9148
650 _aNarraciones
_9930
700 _aLorca Gómez, Armando (Traductor)
_930630
700 _aGiner de los RioS, H. (Traductor)
_930631
942 _2ddc
_cLIBROS
945 _awnts
_d2019-04-09